000 00558nam a2200229Ia 4500
003 OSt
005 20220918202141.0
006 a|||||r|||| 00| 0
007 ta
008 220917b |||||||| |||| 00| 0 eng d
024 _a99,114
037 _cTextual
040 _aARTS
_cARTS
_beng
041 _2eng
_aeng
082 _aV2:25xM75, H4
100 _aIqbal
_9102453
245 0 _aSpeeches and statements ed by Shamloo
260 _c1944
650 _aHISTORY
942 _hV2:25xM75, H4
_cTEXL
_2CC
999 _c222692
_d222692